书目信息 |
| 题名: |
人体粉画的活力
|
|
| 作者: | 丁品 著 ;赵大鹏 , 韩亚洲 主编 | |
| 分册: | ||
| 出版信息: | 北京 人民美术出版社 2001.11 |
|
| 页数: | 138页 | |
| 开本: | 22cm | |
| 丛书名: | 艺术表现丛书 | |
| 单 册: | ||
| 中图分类: | J216 | |
| 科图分类: | ||
| 主题词: | 裸体人物画: 粉画--技法(美术) , 裸体人物画 , 粉画 | |
| 电子资源: | ||
| ISBN: | 7-102-02448-7 | |
| 000 | 00956nam2 2200301 45 | |
| 001 | 012004000000 | |
| 005 | 20041010113146.64 | |
| 010 | @a7-102-02448-7@dCNY 26.00 | |
| 100 | @a20040401d2001 em y0chiy0121 ea | |
| 101 | 0 | @achi |
| 102 | @aCN@b110000 | |
| 105 | @aafc z 000yy | |
| 200 | 1 | @a人体粉画的活力@Aren ti fen hua de huo li@dNude in gouache@f丁品著@zeng |
| 210 | @a北京@c人民美术出版社@d2001.11 | |
| 215 | @a138页@c彩图, 肖像@d22cm | |
| 225 | 2 | @a艺术表现丛书@dThe visual art's technologies series@f赵大鹏, 韩亚洲主编@zeng |
| 410 | 0 | @12001 @a艺术表现丛书 |
| 510 | 1 | @aNude in gouache@zeng |
| 510 | 1 | @aThe visual art's technologies series@zeng |
| 606 | 0 | @a裸体人物画: 粉画@x技法(美术) |
| 606 | 0 | @a裸体人物画 |
| 606 | 0 | @a粉画 |
| 690 | @aJ216@v4 | |
| 701 | 0 | @a丁品@Ading pin@4著 |
| 702 | 0 | @a赵大鹏@Azhao da peng@4主编 |
| 702 | 0 | @a韩亚洲@Ahan ya zhou@4主编 |
| 801 | 0 | @aCN@bQSSKxf@c20041010 |
| 905 | @a10447@dJ216@eD555 | |
| 人体粉画的活力=Nude in gouache/丁品著.-北京:人民美术出版社,2001.11 |
| 138页:彩图, 肖像;22cm.-(艺术表现丛书=The visual art's technologies series/赵大鹏, 韩亚洲主编) |
| ISBN 7-102-02448-7:CNY 26.00 |
| ● |
| 相关链接 |
|
|
|
正题名:人体粉画的活力
索取号:J216/D555
 
预约/预借
| 序号 | 登录号 | 条形码 | 馆藏地/架位号 | 状态 | 备注 |
| 1 | 398344 | 203983449 | 社科库309/309社科库 72排2列6层/ [索取号:J216/D555] | 在馆 | |
| 2 | 398345 | 203983458 | 社科库309/309社科库 72排2列6层/ [索取号:J216/D555] | 在馆 |